新宿行きが発着している駅 - Statistics

General Stats
  • This quiz has been taken 164 times
    160 since last reset
  • The average score is 147 of 241
Answer Stats
Answer % Correct
大宮
93%
池袋
91%
赤羽
90%
川越
89%
渋谷
88%
海老名
85%
十条
84%
小田原
84%
羽沢横浜国大
83%
武蔵小杉
83%
大崎
83%
藤沢
83%
武蔵浦和
82%
恵比寿
82%
戸田
81%
戸田公園
81%
西大井
80%
東京
80%
甲府
80%
浮間舟渡
79%
板橋
79%
浦和
79%
大月
79%
高尾
79%
大和
78%
与野本町
77%
北赤羽
77%
西谷
77%
八王子
77%
北与野
76%
南与野
76%
南新宿
76%
二俣川
75%
松本
75%
笹塚
75%
中浦和
74%
立川
74%
代々木上原
74%
平塚
73%
下北沢
73%
町田
73%
西大宮
72%
北戸田
72%
高崎
72%
熊谷
72%
国府津
72%
片瀬江ノ島
72%
明大前
72%
府中
72%
日進
70%
新百合ヶ丘
70%
相模大野
70%
調布
70%
京王八王子
70%
高尾山口
70%
成城学園前
69%
登戸
69%
本厚木
69%
湘南台
69%
初台
69%
本八幡
69%
二宮
68%
茅ケ崎
68%
代々木八幡
68%
経堂
68%
厚木
68%
品川
67%
幡ヶ谷
67%
指扇
66%
上尾
66%
下諏訪
66%
上諏訪
66%
伊勢原
66%
新松田
66%
橋本
66%
新宿三丁目
66%
塩尻
65%
岡谷
65%
東北沢
65%
狛江
65%
百合ヶ丘
65%
秦野
65%
箱根湯本
65%
中央林間
65%
千歳烏山
65%
南古谷
64%
向ヶ丘遊園
64%
小田急多摩センター
64%
唐木田
64%
京王多摩センター
64%
下高井戸
63%
鴻巣
62%
千葉
62%
山梨市
62%
豪徳寺
62%
千歳船橋
62%
大手町
62%
南小谷
61%
小淵沢
61%
石和温泉
61%
河口湖
61%
参宮橋
61%
北野
61%
九段下
61%
御茶ノ水
61%
四ツ谷
61%
北本
60%
成田空港
60%
成田
60%
白馬
60%
茅野
60%
東海大学前
60%
開成
60%
東府中
60%
分倍河原
60%
後楽園
60%
銀座
60%
塩山
59%
大島
59%
本庄
58%
読売ランド前
58%
鶴巻温泉
58%
高幡不動
58%
赤坂見附
58%
桶川
57%
祖師ヶ谷大蔵
57%
喜多見
57%
和泉多摩川
57%
小田急永山
57%
聖蹟桜ヶ丘
57%
茗荷谷
57%
国会議事堂前
57%
深谷
56%
信濃大町
56%
韮崎
56%
富士山
56%
世田谷代田
56%
南林間
56%
飛田給
56%
京王永山
56%
本郷三丁目
56%
桜上水
55%
東大島
55%
神保町
55%
新大塚
55%
佐倉
54%
国領
54%
京王稲田堤
54%
岩本町
54%
曙橋
54%
淡路町
54%
鶴ヶ峰
53%
梅ヶ丘
53%
小田急相模原
53%
代田橋
53%
仙川
53%
つつじヶ丘
53%
西大島
53%
馬喰横山
53%
空港第2ビル
53%
四街道
52%
富士急ハイランド
52%
市ケ谷
52%
霞ケ関
52%
新宿御苑前
52%
座間
51%
上北沢
51%
芦花公園
51%
布田
51%
西調布
51%
京王よみうりランド
51%
四谷三丁目
51%
富士見
50%
生田
50%
鶴川
50%
愛甲石田
50%
京王多摩川
50%
京王片倉
50%
かしわ台
49%
瀬谷
49%
小川町
49%
柿生
48%
多磨霊園
48%
住吉
48%
森下
48%
さがみ野
47%
長後
47%
南大沢
47%
篠崎
47%
相模大塚
46%
三ツ境
46%
新町
46%
都留文科大学前
46%
はるひ野
46%
相武台前
45%
黒川
45%
八幡山
45%
鬼怒川温泉
44%
玉川学園前
44%
柴崎
44%
平山城址公園
44%
稲城
44%
めじろ台
44%
瑞江
44%
一之江
44%
船堀
44%
山田
43%
希望ヶ丘
42%
多摩境
42%
東武日光
41%
栃木
41%
渋沢
41%
若葉台
41%
中河原
40%
百草園
40%
栗平
39%
武蔵野台
39%
下今市
38%
穂高
38%
京王堀之内
38%
浜町
38%
下吉田
37%
菊川
37%
新鹿沼
36%
五月台
36%
東武ワールドスクウェア
35%
豊科
34%
南平
32%
狭間
32%
長沼
31%
No matching quizzes found
Score Distribution
Percent of People with Each Score
Percentile by Number Answered
Your Score History
You have not taken this quiz since the last reset